000
00280nam a2200121Ia 4500
008
190216s9999||||xx |||||||||||||| ||und||
100
_a
Alexandre Dumas
245
0
_a
Three Musketeers
260
_b
Publications Division
_c
1997
300
_a
150
650
_a
English
942
_c
BK
999
_c
13912
_d
13912